LEADER 03953nam 22009735 450 001 9910780079503321 005 20230607213252.0 010 $a0-520-93620-5 010 $a1-59734-515-6 024 7 $a10.1525/9780520936201 035 $a(CKB)111056485642036 035 $a(EBL)223311 035 $a(OCoLC)475927588 035 $a(SSID)ssj0000115813 035 $a(PQKBManifestationID)11143667 035 $a(PQKBTitleCode)TC0000115813 035 $a(PQKBWorkID)10026767 035 $a(PQKB)10959055 035 $a(DE-B1597)539700 035 $a(OCoLC)51825743 035 $a(DE-B1597)9780520936201 035 $a(MiAaPQ)EBC223311 035 $a(EXLCZ)99111056485642036 100 $a20200424h20022002 fg 0 101 0 $aeng 135 $aurnn#---|u||u 181 $ctxt 182 $cc 183 $acr 200 10$aBuilding the fourth estate $edemocratization and the rise of a free press in Mexico /$fChappell Lawson 210 1$aBerkeley, CA :$cUniversity of California Press,$d[2002] 210 4$dİ2002 215 $a1 online resource (303 p.) 300 $aDescription based upon print version of record. 311 0 $a0-520-23170-8 327 $tFront matter --$tContents --$tList of Illustrations --$tList of Tables --$tPreface --$t1. Introduction --$t2. The Perfect Dictatorship --$t3. Media Control under the Perfect Dictatorship --$t4. Media Coverage under the Perfect Dictatorship --$t5. Opening Mexico's Print Media --$t6. Opening Mexico's Broadcast Media --$t7. Media Opening and Civil Society in Mexico --$t8. Media Opening, Scandal, and Regime Delegitimation --$t9. Media Opening, Campaigns, and Elections --$t10. Conclusions --$tAppendix: Data for Figures and Tables --$tNotes --$tBibliography --$tIndex 330 $aBased on an in-depth examination of Mexico's print and broadcast media over the last twenty-five years, this book is the most richly detailed account available of the role of the media in democratization, demonstrating the reciprocal relationship between changes in the press and changes in the political system. In addition to illuminating the nature of political change in Mexico, this accessibly written study also has broad implications for understanding the role of the mass media in democratization around the world. 606 $aFreedom of the press 606 $aFreedom of the press - Mexico 606 $aGovernment and the press 606 $aGovernment and the press-- Mexico-- History-- 20th century 610 $abroadcast media. 610 $ademocracy. 610 $ademocratization. 610 $afree press. 610 $afreedom of press. 610 $aglobal politics. 610 $aglobalization. 610 $ahistorians. 610 $ajournalism. 610 $ajournalists. 610 $alatin america. 610 $amass media. 610 $amedia control. 610 $amedia coverage. 610 $amedia politics. 610 $amedia relations. 610 $amexican media. 610 $amexican politics. 610 $amexican press. 610 $amexico. 610 $amodern history. 610 $amodern mexico. 610 $anonfiction. 610 $apolitical changes. 610 $apress power. 610 $aprint media. 610 $arole of the media. 610 $arole of the press. 610 $asocial sciences. 610 $astudents and teachers. 610 $atextbooks. 615 4$aFreedom of the press. 615 4$aFreedom of the press - Mexico. 615 4$aGovernment and the press. 615 4$aGovernment and the press-- Mexico-- History-- 20th century. 676 $a323.44/5/0972 700 $aLawson$b Chappell$4aut$4http://id.loc.gov/vocabulary/relators/aut$01530730 801 0$bDE-B1597 801 1$bDE-B1597 906 $aBOOK 912 $a9910780079503321 996 $aBuilding the fourth estate$93775985 997 $aUNINA LEADER 06273oam 22015374 450 001 9910975019003321 005 20250426110749.0 010 $a9786613847836 010 $a9781462321964 010 $a1462321968 010 $a9781455222537 010 $a1455222534 010 $a9781283535380 010 $a1283535386 010 $a9781455233557 010 $a1455233552 035 $a(CKB)2550000000102509 035 $a(EBL)3014756 035 $a(SSID)ssj0000658058 035 $a(PQKBManifestationID)11449766 035 $a(PQKBTitleCode)TC0000658058 035 $a(PQKBWorkID)10680858 035 $a(PQKB)10244705 035 $a(Au-PeEL)EBL3014756 035 $a(CaPaEBR)ebr10557323 035 $a(OCoLC)793203326 035 $a(IMF)PBBHEE0000000 035 $a(MiAaPQ)EBC3014756 035 $a(IMF)PBBHEA0000000 035 $aPBBHEA0000000 035 $a(EXLCZ)992550000000102509 100 $a20020129d2000 uf 0 101 0 $aeng 135 $aurcnu|||||||| 181 $ctxt 182 $cc 183 $acr 200 10$aPost-Bubble Blues : $eHow Japan Responded to Asset Price Collapse /$fTamim Bayoumi, Charles Collyns 205 $a1st ed. 210 1$aWashington, D.C. :$cInternational Monetary Fund,$d2000. 215 $a1 online resource (236 p.) 300 $aDescription based upon print version of record. 311 08$a9781557758729 311 08$a1557758727 320 $aIncludes bibliographical references at the end of each chapters. 327 $a""Contents""; ""Preface""; ""1 Overview""; ""I. Explaining the 1990's""; ""2 The Morning After: Explaining the Slowdown in Japanese Growth""; ""3 Identifying the Shocks: Japan's Economic Performance in the 1990's""; ""4 Explaining the Slump in Japanese Business Investment""; ""5 Where Are We Going? The Output Gap and Potential Growth""; ""II. Financial and Fiscal Transmission Mechanisms""; ""6 Too Much of a Good Thing? The Effectiveness of Fiscal Stimulus""; ""7 Monetary Policy Transmission in Japan""; ""III. The Challenge of Corporate Restructuring"" 327 $a""8 Financial Reorganization and Corporate Restructuring in Japan""""9 Reform of Japan's Insolvency Laws 9 Reform of Japan's Insolvency Laws"" 330 3 $aWhat caused Asia's largest economy, once the envy of the world, to lag behind many of the other industrial countries? And why did it take so long for Japan to recover from the bursting of its asset price bubble of the late 1980s? In this volume, a team from the International Monetary Fund examines the causes of the lingering economic problems of Japan, the crisis in its banking system, the reasons for weak business investment, and the government's efforts to kick-start the economy through a series of stimulus packages. This book presents a compelling story about Japan's economy. Its message - that banking reform and corporate restructuring are central to any sustained revival of the economy- is backed up through detailed background research. This research provided the analytical framework for the IMF's policy advice during a period of rapid change--a period during which macroeconomic policymaking moved into uncharted territory. The research papers were prepared by members of the Japan team in the IMF during 1998 and the first half of 1999. 410 0$aBooks 606 $aStocks$xPrices$zJapan 606 $aFinancial crises$zJapan 606 $aMonetary policy$zJapan 606 $aInvestments: General$2imf 606 $aMacroeconomics$2imf 606 $aMoney and Monetary Policy$2imf 606 $aPublic Finance$2imf 606 $aProduction and Operations Management$2imf 606 $aMacroeconomics: Production$2imf 606 $aMonetary Policy, Central Banking, and the Supply of Money and Credit: General$2imf 606 $aInvestment$2imf 606 $aCapital$2imf 606 $aIntangible Capital$2imf 606 $aCapacity$2imf 606 $aTaxation, Subsidies, and Revenue: General$2imf 606 $aPrice Level$2imf 606 $aInflation$2imf 606 $aDeflation$2imf 606 $aPublic finance & taxation$2imf 606 $aMonetary economics$2imf 606 $aFinance$2imf 606 $aBanking$2imf 606 $aProperty & real estate$2imf 606 $aPrivate investment$2imf 606 $aBank credit$2imf 606 $aPotential output$2imf 606 $aOutput gap$2imf 606 $aAsset prices$2imf 606 $aNational accounts$2imf 606 $aMoney$2imf 606 $aProduction$2imf 606 $aPrices$2imf 606 $aEconomic theory$2imf 606 $aSaving and investment$2imf 606 $aCredit$2imf 606 $aRevenue$2imf 607 $aJapan$xEconomic conditions$y1989- 607 $aJapan$2imf 615 0$aStocks$xPrices 615 0$aFinancial crises 615 0$aMonetary policy 615 7$aInvestments: General 615 7$aMacroeconomics 615 7$aMoney and Monetary Policy 615 7$aPublic Finance 615 7$aProduction and Operations Management 615 7$aMacroeconomics: Production 615 7$aMonetary Policy, Central Banking, and the Supply of Money and Credit: General 615 7$aInvestment 615 7$aCapital 615 7$aIntangible Capital 615 7$aCapacity 615 7$aTaxation, Subsidies, and Revenue: General 615 7$aPrice Level 615 7$aInflation 615 7$aDeflation 615 7$aPublic finance & taxation 615 7$aMonetary economics 615 7$aFinance 615 7$aBanking 615 7$aProperty & real estate 615 7$aPrivate investment 615 7$aBank credit 615 7$aPotential output 615 7$aOutput gap 615 7$aAsset prices 615 7$aNational accounts 615 7$aMoney 615 7$aProduction 615 7$aPrices 615 7$aEconomic theory 615 7$aSaving and investment 615 7$aCredit 615 7$aRevenue 676 $a330.952/049 700 $aBayoumi$b Tamim$0122763 701 $aCollyns$b Charles$0613277 801 0$bDcWaIMF 906 $aBOOK 912 $a9910975019003321 996 $aPost-Bubble Blues$94371244 997 $aUNINA